[Event "DEM U10w 2024"]
[Site "Willingen GER"]
[Date "2024.05.24"]
[Round "10"]
[White "Subocz, Emma"]
[Black "Tiuca, Emma"]
[Result "0-1"]
[Termination "normal"]
[Board "9"]
[WhiteElo "1028"]
[BlackElo "1516"]
[WhiteClock "00:22:45"]
[BlackClock "00:06:21"]
[PlyCount "104"]
[WhiteFideId "41805666"]
[BlackFideId "4007549"]
[EventCountry "GER"]
[EventRounds "11"]
[EventType "swiss"]
[EventDate "2024.05.18"]

1. e4 {[%emt 01:34:38]} e6 {[%clk 01:15:48]} {[%emt 00:00:10]} 2. d4 {[%clk
01:16:25]} {[%emt 00:00:05]} d5 {[%clk 01:15:59]} {[%emt 00:00:18]} 3. Nc3
{[%clk 01:16:48]} {[%emt 00:00:08]} dxe4 {[%clk 01:16:02]} {[%emt 00:00:25]} 4.
Nxe4 {[%clk 01:17:10]} {[%emt 00:00:09]} Nd7 {[%clk 01:16:02]} {[%emt
00:00:30]} 5. Nf3 {[%clk 01:17:27]} {[%emt 00:00:14]} Ngf6 {[%clk 01:15:54]}
{[%emt 00:00:37]} 6. Nxf6+ {[%clk 01:17:49]} {[%emt 00:00:09]} Nxf6 {[%clk
01:16:01]} {[%emt 00:00:23]} 7. c3 {[%clk 01:18:03]} {[%emt 00:00:16]} Bd7
{[%clk 01:15:58]} {[%emt 00:00:28]} 8. Bd3 {[%clk 01:16:42]} {[%emt 00:01:54]}
Be7 {[%clk 01:15:43]} {[%emt 00:00:44]} 9. Bf4 {[%clk 01:16:30]} {[%emt
00:00:44]} O-O {[%clk 01:15:36]} {[%emt 00:00:35]} 10. O-O {[%clk 01:16:48]}
{[%emt 00:00:14]} Bc6 {[%clk 01:15:11]} {[%emt 00:00:51]} 11. Re1 {[%clk
01:16:26]} {[%emt 00:00:55]} Qd7 {[%clk 01:13:33]} {[%emt 00:02:07]} 12. Qe2
{[%clk 01:15:43]} {[%emt 00:01:14]} Rfe8 {[%clk 01:12:48]} {[%emt 00:01:14]}
13. Rad1 {[%clk 01:15:15]} {[%emt 00:00:59]} Nd5 {[%clk 01:10:50]} {[%emt
00:02:26]} 14. Bg5 {[%clk 01:13:15]} {[%emt 00:02:32]} h6 {[%clk 01:07:08]}
{[%emt 00:04:11]} 15. c4 {[%clk 01:11:19]} {[%emt 00:02:28]} Nf6 {[%clk
01:03:30]} {[%emt 00:04:07]} 16. Ne5 {[%clk 01:09:54]} {[%emt 00:01:56]} Qc8
{[%clk 00:59:56]} {[%emt 00:03:41]} 17. Bf4 {[%clk 01:07:21]} {[%emt 00:03:24]}
Bd6 {[%clk 00:58:21]} {[%emt 00:02:03]} 18. c5 {[%clk 01:05:10]} {[%emt
00:02:45]} Nd5 {[%clk 00:54:21]} {[%emt 00:04:26]} 19. Bg3 {[%clk 01:04:16]}
{[%emt 00:01:28]} Be7 {[%clk 00:48:34]} {[%emt 00:06:10]} 20. Qe4 {[%clk
01:01:50]} {[%emt 00:03:03]} Nf6 {[%clk 00:47:57]} {[%emt 00:01:06]} 21. Qf4
{[%clk 01:00:13]} {[%emt 00:02:08]} Rf8 {[%clk 00:47:02]} {[%emt 00:01:22]} 22.
Ng4 {[%clk 00:56:02]} {[%emt 00:04:43]} Nxg4 {[%clk 00:40:44]} {[%emt
00:06:46]} 23. Qxg4 {[%clk 00:56:07]} {[%emt 00:00:26]} Bg5 {[%clk 00:40:46]}
{[%emt 00:00:26]} 24. Be5 {[%clk 00:52:50]} {[%emt 00:03:50]} Qd8 {[%clk
00:36:40]} {[%emt 00:04:19]} 25. h4 {[%clk 00:50:35]} {[%emt 00:03:00]} Bf6
{[%clk 00:36:56]} {[%emt 00:00:12]} 26. b4 {[%clk 00:49:26]} {[%emt 00:01:43]}
Kh8 {[%clk 00:34:28]} {[%emt 00:02:45]} 27. b5 {[%clk 00:46:22]} {[%emt
00:03:48]} Bd5 {[%clk 00:31:47]} {[%emt 00:03:09]} 28. a4 {[%clk 00:42:29]}
{[%emt 00:04:24]} Rg8 {[%clk 00:30:22]} {[%emt 00:01:55]} 29. g3 {[%clk
00:38:49]} {[%emt 00:04:11]} Qf8 {[%clk 00:17:06]} {[%emt 00:13:45]} 30. Bxc7
{[%clk 00:37:12]} {[%emt 00:02:08]} g6 {[%clk 00:15:20]} {[%emt 00:02:08]} 31.
Qf4 {[%clk 00:35:09]} {[%emt 00:02:41]} Qg7 {[%clk 00:14:57]} {[%emt 00:00:51]}
32. Re5 {[%clk 00:34:16]} {[%emt 00:01:26]} Rac8 {[%clk 00:11:28]} {[%emt
00:03:58]} 33. Bd6 {[%clk 00:33:34]} {[%emt 00:01:12]} Rge8 {[%clk 00:10:23]}
{[%emt 00:01:27]} 34. Be4 {[%clk 00:30:12]} {[%emt 00:04:00]} Bb3 {[%clk
00:06:22]} {[%emt 00:04:31]} 35. Bxb7 {[%clk 00:28:13]} {[%emt 00:02:29]} Rcd8
{[%clk 00:06:15]} {[%emt 00:00:37]} 36. Re3 {[%clk 00:27:15]} {[%emt 00:01:28]}
Bxd1 {[%clk 00:06:14]} {[%emt 00:00:32]} 37. Qxf6 {[%clk 00:26:44]} {[%emt
00:01:00]} Qxf6 {[%clk 00:06:22]} {[%emt 00:00:22]} 38. Be5 {[%clk 00:27:05]}
{[%emt 00:00:10]} Qxe5 {[%clk 00:06:41]} {[%emt 00:00:11]} 39. Rxe5 {[%clk
00:27:22]} {[%emt 00:00:13]} Rxd4 {[%clk 00:06:59]} {[%emt 00:00:12]} 40. Bc6
{[%clk 00:27:19]} {[%emt 00:00:33]} Rb8 {[%clk 00:06:59]} {[%emt 00:00:24]} 41.
a5 {[%clk 00:27:19]} {[%emt 00:00:36]} Rb4 {[%clk 00:06:42]} {[%emt 00:00:45]}
42. b6 {[%clk 00:27:30]} {[%emt 00:00:21]} axb6 {[%clk 00:06:44]} {[%emt
00:00:27]} 43. cxb6 {[%clk 00:27:33]} {[%emt 00:00:28]} Rc4 {[%clk 00:06:54]}
{[%emt 00:00:16]} 44. Bb5 {[%clk 00:27:15]} {[%emt 00:00:53]} Rd4 {[%clk
00:06:38]} {[%emt 00:00:39]} 45. a6 {[%clk 00:26:31]} {[%emt 00:01:21]} Rxb6
{[%clk 00:06:17]} {[%emt 00:00:50]} 46. a7 {[%clk 00:26:47]} {[%emt 00:00:15]}
Bf3 {[%clk 00:06:36]} {[%emt 00:00:10]} 47. Re3 {[%clk 00:24:44]} {[%emt
00:02:34]} Rd1+ {[%clk 00:06:28]} {[%emt 00:00:36]} 48. Bf1 {[%clk 00:24:55]}
{[%emt 00:00:21]} Bd5 {[%clk 00:06:39]} {[%emt 00:00:11]} 49. Ra3 {[%clk
00:24:55]} {[%emt 00:00:38]} Kg7 {[%clk 00:06:23]} {[%emt 00:00:44]} 50. f4
{[%clk 00:23:32]} {[%emt 00:01:53]} Rb2 {[%clk 00:05:59]} {[%emt 00:00:48]} 51.
a8=Q {[%clk 00:22:24]} {[%emt 00:01:44]} Rg2+ {[%clk 00:06:07]} {[%emt
00:00:18]} 52. Kh1 {[%clk 00:22:45]} {[%emt 00:00:13]} Rxf1# {[%clk 00:06:21]}
{[%emt 00:00:16]} 0-1

[Event "DEM U10w 2024"]
[Site "Willingen GER"]
[Date "2024.05.24"]
[Round "10"]
[White "Müller, Greta Waltraud"]
[Black "Jänsch, Layla"]
[Result "1/2-1/2"]
[Termination "normal"]
[Board "10"]
[WhiteElo "1224"]
[BlackElo "962"]
[WhiteClock "01:05:19"]
[BlackClock "00:49:50"]
[PlyCount "40"]
[EventCountry "GER"]
[EventRounds "11"]
[EventType "swiss"]
[EventDate "2024.05.18"]

1. e4 {[%clk 01:15:52]} {[%emt 00:00:07]} e5 {[%clk 01:15:55]} {[%emt
00:00:05]} 2. Nf3 {[%clk 01:16:17]} {[%emt 00:00:06]} Nc6 {[%clk 01:16:18]}
{[%emt 00:00:07]} 3. Bc4 {[%clk 01:16:35]} {[%emt 00:00:09]} Be7 {[%clk
01:16:40]} {[%emt 00:00:10]} 4. d4 {[%clk 01:16:47]} {[%emt 00:00:19]} exd4
{[%clk 01:16:55]} {[%emt 00:00:14]} 5. c3 {[%clk 01:17:13]} {[%emt 00:00:05]}
Nf6 {[%clk 01:13:57]} {[%emt 00:03:28]} 6. e5 {[%clk 01:17:12]} {[%emt
00:00:31]} Ne4 {[%clk 01:12:44]} {[%emt 00:01:37]} 7. cxd4 {[%clk 01:16:54]}
{[%emt 00:00:54]} d5 {[%clk 01:08:20]} {[%emt 00:04:53]} 8. Bb5 {[%clk
01:15:52]} {[%emt 00:01:30]} Ng5 {[%clk 01:04:15]} {[%emt 00:04:36]} 9. O-O
{[%clk 01:15:02]} {[%emt 00:01:21]} Bd7 {[%clk 01:01:57]} {[%emt 00:01:57]} 10.
Nc3 {[%clk 01:13:59]} {[%emt 00:02:24]} Bg4 {[%clk 00:59:39]} {[%emt 00:02:47]}
11. Bxg5 {[%clk 01:12:52]} {[%emt 00:01:30]} Bxg5 {[%clk 00:59:13]} {[%emt
00:01:04]} 12. h3 {[%clk 01:12:55]} {[%emt 00:00:27]} Bh5 {[%clk 00:57:37]}
{[%emt 00:02:04]} 13. g4 {[%clk 01:11:23]} {[%emt 00:02:04]} Bg6 {[%clk
00:57:09]} {[%emt 00:00:58]} 14. Nxg5 {[%clk 01:09:51]} {[%emt 00:02:01]} Qxg5
{[%clk 00:56:47]} {[%emt 00:00:53]} 15. Nxd5 {[%emt 00:03:47]} O-O {[%clk
00:53:52]} {[%emt 00:00:05]} 16. Bxc6 {[%clk 01:09:05]} {[%emt 00:01:19]} bxc6
{[%clk 00:53:59]} {[%emt 00:00:24]} 17. Nxc7 {[%clk 01:08:18]} {[%emt
00:01:16]} Rac8 {[%clk 00:53:40]} {[%emt 00:00:41]} 18. Na6 {[%clk 01:08:10]}
{[%emt 00:00:46]} Qh4 {[%clk 00:52:43]} {[%emt 00:01:22]} 19. Qf3 {[%clk
01:06:07]} {[%emt 00:02:36]} f5 {[%clk 00:49:49]} {[%emt 00:03:17]} 20. gxf5
{[%clk 01:05:19]} {[%emt 00:01:27]} Rxf5 {[%clk 00:49:50]} 1/2-1/2

[Event "DEM U10w 2024"]
[Site "Willingen GER"]
[Date "2024.05.24"]
[Round "10"]
[White "Bashirova, Sona"]
[Black "Lao, Theodora Siyuan"]
[Result "1-0"]
[Termination "normal"]
[Board "11"]
[WhiteElo "1608"]
[BlackElo "1087"]
[WhiteClock "00:58:17"]
[BlackClock "01:06:31"]
[PlyCount "79"]
[WhiteFideId "34664033"]
[BlackFideId "34667547"]
[EventCountry "GER"]
[EventRounds "11"]
[EventType "swiss"]
[EventDate "2024.05.18"]

1. e4 {[%clk 01:15:58]} {[%emt 00:00:01]} e5 {[%clk 01:15:55]} {[%emt
00:00:06]} 2. Nc3 {[%clk 01:16:23]} {[%emt 00:00:05]} Nf6 {[%clk 01:16:14]}
{[%emt 00:00:11]} 3. f4 {[%clk 01:16:45]} {[%emt 00:00:07]} d5 {[%clk
01:16:34]} {[%emt 00:00:11]} 4. fxe5 {[%clk 01:17:07]} {[%emt 00:00:08]} Nxe4
{[%clk 01:16:54]} {[%emt 00:00:10]} 5. Qf3 {[%clk 01:17:30]} {[%emt 00:00:06]}
f5 {[%clk 01:16:53]} {[%emt 00:00:31]} 6. d3 {[%clk 01:17:40]} {[%emt
00:00:21]} Nxc3 {[%clk 01:17:03]} {[%emt 00:00:20]} 7. bxc3 {[%clk 01:17:53]}
{[%emt 00:00:16]} Nc6 {[%clk 01:16:39]} {[%emt 00:00:55]} 8. d4 {[%clk
01:17:50]} {[%emt 00:00:32]} Qh4+ {[%clk 01:16:13]} {[%emt 00:00:55]} 9. g3
{[%clk 01:17:30]} {[%emt 00:00:50]} Qe4+ {[%clk 01:16:06]} {[%emt 00:00:35]}
10. Be2 {[%clk 01:14:51]} {[%emt 00:03:11]} Qxf3 {[%clk 01:15:58]} {[%emt
00:00:38]} 11. Bxf3 {[%clk 01:14:06]} {[%emt 00:01:16]} Be6 {[%clk 01:16:10]}
{[%emt 00:00:18]} 12. Ne2 {[%clk 01:14:19]} {[%emt 00:00:17]} g5 {[%clk
01:15:35]} {[%emt 00:01:04]} 13. Bxg5 {[%clk 01:14:23]} {[%emt 00:00:26]} Rg8
{[%clk 01:15:38]} {[%emt 00:00:28]} 14. Nf4 {[%clk 01:11:02]} {[%emt 00:03:51]}
Bf7 {[%clk 01:15:05]} {[%emt 00:01:02]} 15. Bf6 {[%clk 01:10:29]} {[%emt
00:01:02]} Ne7 {[%clk 01:12:54]} {[%emt 00:02:42]} 16. Bxe7 {[%clk 01:08:25]}
{[%emt 00:02:36]} Bxe7 {[%clk 01:13:13]} {[%emt 00:00:10]} 17. Nxd5 {[%clk
01:08:42]} {[%emt 00:00:13]} Bxd5 {[%clk 01:13:27]} {[%emt 00:00:16]} 18. Bxd5
{[%clk 01:08:45]} {[%emt 00:00:27]} Rf8 {[%clk 01:12:55]} {[%emt 00:01:01]} 19.
Bxb7 {[%clk 01:08:07]} {[%emt 00:01:08]} Rb8 {[%clk 01:12:42]} {[%emt
00:00:42]} 20. Rb1 {[%clk 01:08:24]} {[%emt 00:00:15]} Kd7 {[%clk 01:12:02]}
{[%emt 00:01:09]} 21. Ke2 {[%clk 01:07:43]} {[%emt 00:01:12]} c6 {[%clk
01:11:08]} {[%emt 00:01:24]} 22. Ba6 {[%clk 01:07:17]} {[%emt 00:00:55]} Rxb1
{[%clk 01:10:55]} {[%emt 00:00:43]} 23. Rxb1 {[%clk 01:07:40]} {[%emt
00:00:08]} f4 {[%clk 01:10:05]} {[%emt 00:01:21]} 24. Rb7+ {[%clk 01:02:04]}
{[%emt 00:06:06]} Ke8 {[%clk 01:09:36]} {[%emt 00:00:58]} 25. Rxa7 {[%clk
01:01:24]} {[%emt 00:01:11]} f3+ {[%clk 01:09:32]} {[%emt 00:00:34]} 26. Kf2
{[%clk 01:01:46]} {[%emt 00:00:07]} Rf7 {[%clk 01:09:07]} {[%emt 00:00:55]} 27.
Bb7 {[%clk 01:01:27]} {[%emt 00:00:49]} c5 {[%clk 01:08:47]} {[%emt 00:00:51]}
28. Bxf3 {[%clk 01:00:48]} {[%emt 00:01:08]} Kf8 {[%clk 01:07:57]} {[%emt
00:01:19]} 29. Ke2 {[%clk 00:59:49]} {[%emt 00:01:29]} Rf5 {[%clk 01:06:25]}
{[%emt 00:02:01]} 30. a4 {[%clk 00:59:21]} {[%emt 00:01:00]} Ke8 {[%clk
01:06:00]} {[%emt 00:00:52]} 31. a5 {[%clk 00:58:58]} {[%emt 00:00:56]} Kd8
{[%clk 01:05:29]} {[%emt 00:01:01]} 32. a6 {[%clk 00:58:44]} {[%emt 00:00:45]}
cxd4 {[%clk 01:05:04]} {[%emt 00:00:54]} 33. cxd4 {[%clk 00:57:17]} {[%emt
00:01:56]} Rf8 {[%clk 01:05:00]} {[%emt 00:00:35]} 34. Ra8+ {[%clk 00:57:31]}
{[%emt 00:00:17]} Kd7 {[%clk 01:05:18]} {[%emt 00:00:11]} 35. Rxf8 {[%clk
00:57:53]} {[%emt 00:00:09]} Bxf8 {[%clk 01:05:41]} {[%emt 00:00:06]} 36. a7
{[%clk 00:58:05]} {[%emt 00:00:19]} Ke6 {[%clk 01:05:58]} {[%emt 00:00:13]} 37.
a8=Q {[%clk 00:58:24]} {[%emt 00:00:10]} Be7 {[%clk 01:06:17]} {[%emt
00:00:10]} 38. Qd5+ {[%clk 00:58:31]} {[%emt 00:00:24]} Kf5 {[%clk 01:06:36]}
{[%emt 00:00:11]} 39. Qf7+ {[%clk 00:58:46]} {[%emt 00:00:15]} Kg5 {[%clk
01:06:31]} {[%emt 00:00:35]} 40. Qh5# {[%clk 00:58:17]} {[%emt 00:00:26]} 1-0

[Event "DEM U10w 2024"]
[Site "Willingen GER"]
[Date "2024.05.24"]
[Round "10"]
[White "Vignesh, Sara"]
[Black "Hirtzel, Hanna Meiki"]
[Result "1-0"]
[Termination "normal"]
[Board "12"]
[WhiteElo "1136"]
[BlackElo "942"]
[WhiteClock "00:42:35"]
[BlackClock "00:19:46"]
[PlyCount "69"]
[WhiteFideId "34674756"]
[EventCountry "GER"]
[EventRounds "11"]
[EventType "swiss"]
[EventDate "2024.05.18"]

1. d4 {[%clk 01:15:58]} d5 {[%clk 01:15:54]} {[%emt 00:00:07]} 2. c4 {[%clk
01:16:25]} {[%emt 00:00:03]} c6 {[%clk 01:16:13]} {[%emt 00:00:11]} 3. Nc3
{[%clk 01:16:51]} {[%emt 00:00:04]} e6 {[%clk 01:16:35]} {[%emt 00:00:07]} 4.
cxd5 {[%clk 01:17:08]} {[%emt 00:00:14]} cxd5 {[%clk 01:16:37]} {[%emt
00:00:28]} 5. Bf4 {[%clk 01:17:23]} {[%emt 00:00:15]} Nf6 {[%clk 01:16:10]}
{[%emt 00:00:57]} 6. Nf3 {[%clk 01:17:34]} {[%emt 00:00:18]} Bd6 {[%clk
01:16:17]} {[%emt 00:00:23]} 7. Bxd6 {[%clk 01:17:39]} {[%emt 00:00:26]} Qxd6
{[%clk 01:16:36]} {[%emt 00:00:09]} 8. e3 {[%clk 01:17:48]} {[%emt 00:00:23]}
O-O {[%clk 01:16:30]} {[%emt 00:00:36]} 9. Bd3 {[%clk 01:17:45]} {[%emt
00:00:32]} Nc6 {[%clk 01:15:28]} {[%emt 00:01:32]} 10. a3 {[%clk 01:17:18]}
{[%emt 00:00:58]} a6 {[%clk 01:14:46]} {[%emt 00:01:11]} 11. O-O {[%clk
01:16:42]} {[%emt 00:01:07]} b5 {[%clk 01:13:06]} {[%emt 00:02:10]} 12. Qc2
{[%clk 01:14:30]} {[%emt 00:02:39]} b4 {[%clk 01:10:27]} {[%emt 00:03:12]} 13.
Ne2 {[%clk 01:12:05]} {[%emt 00:02:54]} a5 {[%clk 01:06:16]} {[%emt 00:04:41]}
14. Bb5 {[%emt 00:07:48]} Bd7 {[%clk 01:02:29]} {[%emt 00:00:14]} 15. Rac1
{[%clk 01:06:16]} {[%emt 00:03:05]} Rac8 {[%clk 00:59:41]} {[%emt 00:03:13]}
16. Qa4 {[%clk 01:01:57]} {[%emt 00:04:51]} Rc7 {[%clk 00:55:39]} {[%emt
00:04:30]} 17. Rc5 {[%clk 00:59:24]} {[%emt 00:03:03]} e5 {[%clk 00:53:06]}
{[%emt 00:03:07]} 18. Rfc1 {[%clk 00:56:03]} {[%emt 00:03:49]} Rfc8 {[%clk
00:51:54]} {[%emt 00:01:43]} 19. Bxc6 {[%clk 00:54:12]} {[%emt 00:02:23]} Bxc6
{[%clk 00:51:36]} {[%emt 00:00:47]} 20. Qd1 {[%clk 00:53:29]} {[%emt 00:01:04]}
e4 {[%clk 00:48:45]} {[%emt 00:03:30]} 21. Ne5 {[%clk 00:52:48]} {[%emt
00:01:10]} Bd7 {[%clk 00:43:41]} {[%emt 00:05:29]} 22. Rxa5 {[%clk 00:50:43]}
{[%emt 00:02:42]} b3 {[%clk 00:40:48]} {[%emt 00:03:22]} 23. Rxc7 {[%clk
00:49:31]} {[%emt 00:01:42]} Rxc7 {[%clk 00:40:20]} {[%emt 00:00:57]} 24. Nc3
{[%clk 00:47:40]} {[%emt 00:02:23]} Qb6 {[%clk 00:35:52]} {[%emt 00:04:40]} 25.
Ra8+ {[%clk 00:46:30]} {[%emt 00:01:54]} Ne8 {[%clk 00:34:21]} {[%emt
00:02:03]} 26. Nxd7 {[%clk 00:45:05]} {[%emt 00:01:57]} Qe6 {[%clk 00:32:56]}
{[%emt 00:01:41]} 27. Nc5 {[%clk 00:44:21]} {[%emt 00:01:25]} Qc6 {[%clk
00:31:30]} {[%emt 00:01:56]} 28. Ra6 {[%clk 00:44:13]} {[%emt 00:00:35]} Qxa6
{[%clk 00:28:43]} {[%emt 00:03:22]} 29. Nxa6 {[%clk 00:44:35]} {[%emt
00:00:08]} Rc4 {[%clk 00:24:35]} {[%emt 00:04:31]} 30. Qxb3 {[%clk 00:44:34]}
{[%emt 00:00:39]} Kf8 {[%clk 00:24:23]} {[%emt 00:00:40]} 31. h3 {[%clk
00:44:24]} {[%emt 00:00:41]} Nd6 {[%clk 00:22:11]} {[%emt 00:02:35]} 32. Nxd5
{[%clk 00:43:29]} {[%emt 00:01:32]} Ke8 {[%clk 00:20:18]} {[%emt 00:02:22]} 33.
Qb8+ {[%clk 00:42:33]} {[%emt 00:01:28]} Kd7 {[%clk 00:20:22]} {[%emt
00:00:24]} 34. Nc5+ {[%clk 00:42:44]} {[%emt 00:00:20]} Kc6 {[%clk 00:19:46]}
{[%emt 00:01:04]} 35. Qb6+ {[%clk 00:42:35]} {[%emt 00:00:12]} 1-0